000
00254nam a22001097a 4500
082
_a
332
100
_a
Physics Wallah Pub.
_9
83332
245
_a
SBI PO Prelims & Mains 2025
260
_a
Physics Wallah Pub.
650
_a
Bank po
_9
83333
942
_c
C. BOOKS
999
_c
68204
_d
68204